000 01117cam a22003374a 4500
999 _c1639
_d1639
001 14405412
003 GZU
005 20201021092337.0
008 060608s2006 enka b 001 0 eng
010 _a 2006048407
015 _aGBA629374
_2bnb
016 7 _a013420277
_2Uk
020 _a0273694499
020 _a9780273694496
035 _a(OCoLC)ocm70063123
040 _aDLC
_cDLC
_dBAKER
_dBWKUK
_dUKM
_dBTCTA
_dNLGGC
_dYDXCP
_dYLS
_dDLC
042 _apcc
043 _ae------
050 0 0 _aHC241
_b.PEL 2006
100 1 _aPelkmans, Jacques.
_eauthor
245 1 0 _aEuropean integration :
_bmethods and economic analysis /
_cJacques Pelkmans.
250 _a3rd ed.
260 _aHarlow, England ;
_aNew York :
_bFinancial Times Prentice Hall,
_c2006.
300 _axxiii, 480 p. :
_bill. ;
_c25 cm.
504 _aIncludes bibliographical references (p. [448]-466) and index.
610 2 0 _aEuropean Union.
651 0 _aEurope
_xEconomic integration.
651 0 _aEuropean Union countries
_xEconomic policy.
906 _a7
_bcbc
_corignew
_d1
_eocip
_f20
_gy-gencatlg
942 _2lcc
_cBK
_e3rd ed.
_h241
_iPEL
_kHC